00741 2200229 4500001002100000005001700021008004100038035002400079082001100103090002200114100002600136245011700162260002800279300002300307500009000330500002600420650002600446850000900472985000600481986000900487999001500496YOGYA-0209000007218420090227093614.0 ind  0010-020900000072184 a658.81 a658.81bSri PlSK aSRI YUNIANTI, Paulina aPengaruh saluran distribusi terhadap volume penjualan pada PD.Percetakan Negeri YogyakartacPaulina Sri Yuniarti aYogyakartab[s.n]c1993 avii,55lembarc29cm alaporan penelitian Sekolah Tinggi Ilmu Ekonomi Kerjasama Jurusan manajemen Yogyakarta aBibliografi:lembar 53 aPenjualan - Manajemen aBPAD a1 aheru a08A0036180